01310nam a2200337Ia 4500001001200000003000800012006001900020007001500039008004100054010001700095020002200112040002100134035002100155050002300176082001200199245011900211260004000330300002300370490007200393504005300465533015200518650001500670650002500685650002300710655002900733700003000762700001800792710001700810856012600827999001900953ebr10173612CaPaEBRm u cr cn|||||||||040419s2005 maua sb 001 0 eng d z 2004049896 z0262582503 (pbk.) aCaPaEBRcCaPaEBR a(OCoLC)56800057414aBF357b.M43 2005eb04a30222200aMechanisms of imitation and imitation in animalsh[electronic resource] /cedited by Susan Hurley and Nick Chater. aCambridge, MA :bMIT Press,cc2005. axi, 437 p. :bill.0 aPerspectives on imitation: from neuroscience to social science ;v1 aIncludes bibliographical references and indexes. aElectronic reproduction.bPalo Alto, Calif. :cebrary,d2009.nAvailable via World Wide Web.nAccess may be limited to ebrary affiliated libraries. 0aImitation. 0aLearning in animals. 0aSocial psychology. 7aElectronic books.2local1 aHurley, S. L.q(Susan L.)1 aChater, Nick.2 aebrary, Inc.40uhttp://site.ebrary.com/lib/rucke/Doc?id=10173612zAn electronic book accessible through the World Wide Web; click to view c137635d137635